| 000 | 00799na a2200265 4500 | ||
|---|---|---|---|
| 001 | 15077 | ||
| 003 | MIRAKIL | ||
| 005 | 20181213155155.0 | ||
| 008 | 160917b tu 000 0 | ||
| 035 | _a15077 | ||
| 040 |
_aMilas _btur _cTR-AnCHP |
||
| 082 |
_a923.173 Kennedy,John F. _bK35f 1963 |
||
| 090 | _a923.173 K35f 1963 | ||
| 100 | _aKennedy,John F. | ||
| 245 |
_aFazilet mücadelesi _bProfiles in courage _cJohn F. Kennedy: çeviren Arif H.Özbilen |
||
| 246 | _aProfiles in courage | ||
| 260 |
_aİstanbul _bIşık Kitapları _c1963 |
||
| 300 |
_a267 s. _c16 sm. |
||
| 490 |
_aIşık Kitapları _v7 |
||
| 600 |
_aKennedy,John F. _d1917 - 1963 _xAnılar |
||
| 650 |
_aSiyaset ve yönetim _zABD |
||
| 651 |
_aABD _xDevlet başkanları |
||
| 700 | _aÖzbilen, Arif H. | ||
| 942 |
_2ddc _cBKS |
||
| 999 |
_c7964 _d7964 |
||